Average Scotland house price almost unchanged year on year as volumes of sales decline (Record no. 81229)

MARC details
000 -LEADER
fixed length control field 01103cad a22002055a 4500
001 - CONTROL NUMBER
control field E146661
008 - FIXED-LENGTH DATA ELEMENTS--GENERAL INFORMATION
fixed length control field 090212e20081112xxk 000 0 eng d
035 ## - SYSTEM CONTROL NUMBER
System control number (Sirsi) u146661
041 0# - LANGUAGE CODE
Language code of text/sound track or separate title eng
110 2# - MAIN ENTRY--CORPORATE NAME
Corporate name or jurisdiction name as entry element Registers of Scotland
9 (RLIN) 5601
245 00 - TITLE STATEMENT
Title Average Scotland house price almost unchanged year on year as volumes of sales decline
Medium [electronic resource]
260 ## - PUBLICATION, DISTRIBUTION, ETC.
Date of publication, distribution, etc. 2008
490 ## - SERIES STATEMENT
Series statement Registers of Scotland News Release
Volume/sequential designation 12 November 2008
520 ## - SUMMARY, ETC.
Summary, etc. Suggests that the average house price in Scotland increased by 0.1% in the third quarter of 2008, when compared with the same period in 2007. When compared with the second quarter of 2008, the average price of a residential property in Scotland showed an increase of 2.9% in the third quarter of 2008. The average house price in Scotland for the third quarter of 2008 was £160 155.
590 ## - LOCAL NOTE (RLIN)
Local note KA
651 #4 - SUBJECT ADDED ENTRY--GEOGRAPHIC NAME
Geographic name Scotland
Chronological subdivision 1999-
690 ## - LOCAL SUBJECT ADDED ENTRY--TOPICAL TERM (OCLC, RLIN)
Topical term or geographic name as entry element PROPERTY-RESIDENTIAL PROPERTY-RESIDENTIAL PROPERTY MARKET
856 40 - ELECTRONIC LOCATION AND ACCESS
Uniform Resource Identifier <a href="https://www.ros.gov.uk/pdfs/2008_11_release.pdf">https://www.ros.gov.uk/pdfs/2008_11_release.pdf</a>
Public note View the press release free of charge at www.ros.gov.uk
942 ## - ADDED ENTRY ELEMENTS (KOHA)
Suppress in OPAC 0
Holdings
Withdrawn status Lost status Source of classification or shelving scheme Damaged status Not for loan Home library Current library Shelving location Date acquired Total Checkouts Full call number Barcode Date last seen Copy number Price effective from Koha item type
    Dewey Decimal Classification     Virtual Virtual Online 12/02/2009   ONLINE PUBLICATION 146661-2001 06/08/2019 1 06/08/2019 Journal article